Christ the resurrection and the life : a sermon, preached on the occasion of the death of the Rev. David S. Bogart, on the evening of Aug. 4, 1839, in the Middle Dutch Church /

Bibliographic Details
Main Author: DeWitt, Thomas, 1791-1874
Format: Book
Language:English
Subjects:

MARC

Tag First Indicator Second Indicator Subfields
LEADER 00000cam a2200000 i 4500
001 in00000098909
005 20150926125538.0
008 780821r19771839kyu b 00010 eng d
035 |a (OCoLC)04156126 
035 |9 AAL3588AM 
040 |a DLC  |c RRR  |d RRR  |d TXA  |d UtOrBLW 
043 |a n-us--- 
049 |a TXAI 
099 |a fiche  |a C  |a 1991 
100 1 |a DeWitt, Thomas,  |d 1791-1874. 
245 1 0 |a Christ the resurrection and the life :  |b a sermon, preached on the occasion of the death of the Rev. David S. Bogart, on the evening of Aug. 4, 1839, in the Middle Dutch Church /  |c by Thomas De Witt. 
264 3 |a New York :  |b printed by G. P. Scott,  |c 1839. 
300 |a 22 pages ;  |c 23 cm. 
336 |a text  |b txt  |2 rdacontent 
337 |a microform  |b h  |2 rdamedia 
338 |a microfiche  |b he  |2 rdacarrier 
500 |a Microfiche. Louisville, Ky. : Lost Cause Press, 1977. -- 2 sheets ; 10.5 x 14.8 cm. -- (Sabin, Joseph, 1821-1881. [Bibliotheca Americana] Selected Americana. [Microfiche edition]) -- (Fiche book). 
500 |a "Sabin: 19875." 
500 |a "Copied from the original in the Library of Congress." 
500 |a Microform. 
600 1 0 |a Bogart, David Schuyler,  |d 1770-1839. 
610 2 0 |a Reformed Church in America  |x Sermons. 
999 |a MARS 
999 f f |s d1d04e49-7cd1-30e2-bf28-976ba8534a6f  |i 3564e70d-6dd3-3030-ae99-2de6884141c1  |t 0 
952 f f |p normal  |a Texas A&M University  |b College Station  |c Sterling C. Evans Library  |d Evans: Microforms (3rd floor)  |t 0  |e fiche C 1991  |h Other scheme  |i microform -- microfiche  |m A14820791165 
998 f f |a fiche C 1991  |t 0  |l Evans: Microforms (3rd floor)